| 000 | 01311namaa22003131i 4500 | ||
|---|---|---|---|
| 005 | 20260628113952.0 | ||
| 008 | 260628s1995 ua a|||frm||| 000 0 eng d | ||
| 040 |
_aEG-GICUC _beng _cEG-GICUC _dEG-GICUC _erda |
||
| 041 | 0 |
_aeng _beng _bara |
|
| 049 | _aDeposite | ||
| 097 | _aM.Sc | ||
| 099 | _aCai01.11.07.M.Sc.1995.Wa.P. | ||
| 100 | 0 |
_aWaleed Fahim Mohammed Amer, _epreparation. |
|
| 245 | 1 | 0 |
_aPolymerase Chain Reaction Applications In Haematological Malignancies / _cBy Waleed Fahim Mohammed Amer; Supervisors Dr. Mervat EL-Ansary, Dr. Hala Sheba. |
| 246 | 1 | 5 | _aتطبيقات تقنية التفاعل السلسلي للبوليميريز في امراض الدم الخبيثة / |
| 264 | 0 | _c1995. | |
| 300 |
_a238 pages : _billustrations ; _c30 cm. + |
||
| 336 |
_2rda content _atext |
||
| 337 |
_2rdamedia _aUnmediated |
||
| 338 |
_2rdacarrier _avolume |
||
| 502 | _aThesis (M.Sc.) -Cairo University, 1995. | ||
| 504 | _aBibliography: pages 117-238. | ||
| 653 | 0 | _aClinical & Chemical Pathology | |
| 700 | 0 |
_aMervat EL-Ansary _ethesis advisor. |
|
| 700 | 0 |
_aHala Sheba _ethesis advisor. |
|
| 900 |
_DDepartment of Clinical & Chemical Pathology _FFaculty of Medicine _UCairo University _b1995 _cMervat EL-Ansary _cHala Sheba |
||
| 905 | _aEman El gebaly | ||
| 942 |
_2ddc _cTH _e21 _n0 |
||
| 999 | _c180628 | ||